| 000 | 00609nam a22002177a 4500 | ||
|---|---|---|---|
| 001 | 3725 | ||
| 003 | FISKH | ||
| 005 | 20240425090941.0 | ||
| 008 | 240425b cb ||||| |||| 00| 0 eng d | ||
| 020 | _a9771757426009 | ||
| 040 |
_aFISKH _beng _cFISKH _dFISKH |
||
| 082 | _a910.82 | ||
| 100 | _aGould, David | ||
| 245 | _aGreat travelers and explorers : | ||
| 260 |
_aBrussels : _bPaperview Europe, _c2009 |
||
| 300 |
_a57 pages : _bcolor illustrations, _c26 cm |
||
| 490 |
_aThe wonderful world of books _vBook 6 |
||
| 521 | 8 |
_a660
_bLexile estimate |
|
| 521 | 8 |
_aQ
_bRaz-Plus estimate |
|
| 942 |
_2ddc _cBK _n0 |
||
| 999 |
_c3725 _d3725 |
||